The Cure Albums - Statistics

General Stats
  • This quiz has been taken 725 times
    226 since last reset
  • The average score is 10 of 14
Answer Stats
Year Album % Correct
1989 Disintegration
92%
1982 Pornography
90%
1979 Three Imaginary Boys
85%
1980 Seventeen Seconds
83%
1987 Kiss Me, Kiss Me, Kiss Me
81%
1992 Wish
81%
1985 The Head on the Door
79%
1981 Faith
78%
2004 The Cure
69%
2024 Songs of a Lost World
68%
2000 Bloodflowers
67%
1984 The Top
64%
2008 4:13 Dream
54%
1996 Wild Mood Swings
52%
No matching quizzes found
Score Distribution
Percent of People with Each Score
Percentile by Number Answered
Your Score History
You have not taken this quiz since the last reset